header

The nature of the word (Record no. 13366)

MARC details
000 -LEADER
fixed length control field 01638nam a2200409Ia 4500
245 04 - TITLE STATEMENT
Title The nature of the word
260 ## - PUBLICATION, DISTRIBUTION, ETC. (IMPRINT)
Place of publication Cambridge, MA :
Name of publisher MIT Press,
Year of publication c2009.
300 ## - PHYSICAL DESCRIPTION
Number of Pages xvi, 750 p. :
Other physical details ill.
490 1# - SERIES STATEMENT
Series statement Current studies in linguistics ;
650 #0 - SUBJECT ADDED ENTRY--TOPICAL TERM
Topical Term Grammar, Comparative and general.
Topical Term Lexicology.
Topical Term Word (Linguistics)
700 1# - ADDED ENTRY--PERSONAL NAME
Personal name Kiparsky, Paul.
Personal name Hanson, Kristin.
Personal name Inkelas, Sharon.
856 40 - ELECTRONIC LOCATION AND ACCESS
Uniform Resource Identifier http://site.ebrary.com/lib/rucke/Doc?id=10256733

No items available.

© 2026 Rongo University
Contact us: librarian | system librarian | Rongo university